Siṃhala śabdakoṣaya. (Record no. 89444)
[ view plain ]
| 000 -LEADER | |
|---|---|
| fixed length control field | 00889cam a2200205 4500 |
| 001 - CONTROL NUMBER | |
| control field | sa 68020480 |
| 003 - CONTROL NUMBER IDENTIFIER | |
| control field | DLC |
| 005 - DATE AND TIME OF LATEST TRANSACTION | |
| control field | 20260227112724.0 |
| 008 - FIXED-LENGTH DATA ELEMENTS--GENERAL INFORMATION | |
| fixed length control field | 871006m19379999ce d 000 0 sino |
| 010 ## - LIBRARY OF CONGRESS CONTROL NUMBER | |
| LC control number | sa 68020480 |
| 040 ## - CATALOGING SOURCE | |
| Original cataloging agency | DLC |
| Transcribing agency | DLC |
| Modifying agency | DLC |
| 050 00 - LIBRARY OF CONGRESS CALL NUMBER | |
| Classification number | PK2837 |
| Item number | .S5 1937 |
| 245 00 - TITLE STATEMENT | |
| Title | Siṃhala śabdakoṣaya. |
| Statement of responsibility, etc. | Ḍī.Bī. Jayatilaka mahatānangē pradhānatvayen sampādanayaraṇa ladī. |
| 260 ## - PUBLICATION, DISTRIBUTION, ETC. | |
| Place of publication, distribution, etc. | [Koḷamba] |
| Name of publisher, distributor, etc. | Rājakīya Ásiyātika Samitiyē Laṅkā Śākhāva, |
| Date of publication, distribution, etc. | 1937-<1992 > |
| 300 ## - PHYSICAL DESCRIPTION | |
| Extent | v. <1-16, 18, 24, 25 (pts. 1, 2, 3), 26; 30-34, pt. 14; 36, pt. 16, 45 (pt. 4) > |
| Dimensions | 28 cm. |
| 500 ## - GENERAL NOTE | |
| General note | Vols. 6-16, 18 published by Sri Lanka University Press. |
| 500 ## - GENERAL NOTE | |
| General note | Vols. 19, 21, 28-29, 33-34, pt. 14; 36, pt., 16 published by the Ministry of Cultural Affairs. |
| 650 #0 - SUBJECT ADDED ENTRY--TOPICAL TERM | |
| Topical term or geographic name entry element | Sinhalese language |
| General subdivision | Dictionaries. |
| 700 1# - ADDED ENTRY--PERSONAL NAME | |
| Personal name | Jayatilaka, Ḍī. Bī., |
| Titles and other words associated with a name | Sir, |
| Dates associated with a name | 1868-1944. |
No items available.